-
BARI, DR. S.B.,SONAWANE,DR. L.V.,BHIRUD D.N., POUL,DR.B.N
Entry Personal Name
Number of records used in: 1
001 - CONTROL NUMBER
003 - CONTROL NUMBER IDENTIFIER
005 - DATE AND TIME OF LATEST TRANSACTION
- control field:
20240108133833.0
008 - FIXED-LENGTH DATA ELEMENTS
- fixed length control field:
240108|| aca||aabn | a|a d
040 ## - CATALOGING SOURCE
- Original cataloging agency:
JRU
- Transcribing agency:
JRU
100 ## - HEADING--PERSONAL NAME
- Personal name:
BARI, DR. S.B.,SONAWANE,DR. L.V.,BHIRUD D.N., POUL,DR.B.N
670 ## - SOURCE DATA FOUND
- Source citation:
Work cat.: (JRU)5856: BARI, DR. S.B.,SONAWANE,DR. L.V.,BHIRUD D.N., POUL,DR.B.N, PRACTICAL HANDBOOK OF PHARMACEUTICAL ANALYSIS